Queer culture quizz - Statistics

General Stats
  • This quiz has been taken 67 times
  • The average score is 7 of 15
Answer Stats
Hint Answer % Correct
LGBTQ+ identity used by people who lack sexual attraction or interest in sexual activity. Asexual
80%
TV show looking for "America's next drag superstar" RuPaul/ Drag race
76%
Piece of clothing that some trans people use to flattern their chest Binder
73%
From what antique poet does the term lesbian comes form ? Sappho
69%
British Tv show staring Charlie Spring & Kit Connor, inspired by a book by Alice Oseman. Heartstopper
66%
Word for the practice of enticing and luring an audience with the promise of queer content without any intention of acting on it. Queerbaiting
66%
The meaning of the circle on LGBTQ+'s progress flag Intersex people
64%
First country to recognise same-sex marriage in 2001. Netherlands
59%
Year of the first LGBTQ+ parade. 1970
46%
Movie about a lesbian painter in 18th century named Marianne. Portrait of a lady on fire
25%
Lesbian vampire novel written by Sheridan Le Fanu in 1872 Carmilla
22%
The american city where it took place. Chicago
22%
19th century american poet who wrote about Susan Gilbert Emily Dickinson
15%
Non binary actor who plays Rhaenyra Targaryen in House of the Dragon Emma D'arcy
8%
Name of a movie inspired by the reel life of Brandon Teena, 1999. Boys don't cry
5%
No matching quizzes found
Score Distribution
Percent of People with Each Score
Percentile by Number Answered
Your Score History
You have not taken this quiz